000 00577cab a2200193 4500
001 X2814
008 090401t1995 xxu||||| |||| 00| 0 eng d
035 _a(Sirsi) u26511
041 _aeng
245 _aDisciplinary procedures
260 _c1995
350 _a0
490 _aCSM (Chartered Surveyor Monthly)
_v5(1) September 1995, 12(1)
520 _aAnnounces a working party which will review RICS disciplinary procedures.
650 _aDISCIPLINARY PROCEDURES
690 _aMANAGEMENT-BUSINESS MANAGEMENT-PROFESSIONAL PRACTICE
942 _n0
948 _c04/03/1997
999 _c17820
_d17820